[Event "DVM U20w 2023"]
[Site "Magdeburg GER"]
[Date "2023.12.27"]
[Round "1"]
[White "Margaryan, Susanna"]
[Black "Garbuz, Nicole"]
[Result "1-0"]
[Termination "normal"]
[Board "2.2"]
[WhiteElo "1464"]
[BlackElo "1847"]
[WhiteClock "00:08:34"]
[BlackClock "00:00:57"]
[WhiteTeam "Elmshorner SC 1896"]
[BlackTeam "SK Nordhorn-Blanke"]
[PlyCount "79"]
[WhiteFideId "16268210"]
[BlackFideId "12990701"]
[EventCountry "GER"]
[EventRounds "7"]
[EventType "team-swiss"]
[EventDate "2023.12.26"]

1. Nf3 {[%clk 01:30:25]} {[%emt 00:00:34]} Nf6 {[%clk 01:29:46]} {[%emt
00:01:15]} 2. c4 {[%clk 01:30:12]} {[%emt 00:00:43]} e6 {[%clk 01:28:56]}
{[%emt 00:01:20]} 3. Nc3 {[%clk 01:28:50]} {[%emt 00:01:52]} d5 {[%clk
01:28:27]} {[%emt 00:00:58]} 4. d4 {[%clk 01:24:36]} {[%emt 00:04:45]} c6
{[%clk 01:22:23]} {[%emt 00:06:34]} 5. Bg5 {[%clk 01:23:48]} {[%emt 00:01:18]}
Be7 {[%clk 01:21:30]} {[%emt 00:01:23]} 6. e3 {[%clk 01:21:42]} {[%emt
00:02:36]} h6 {[%clk 01:21:26]} {[%emt 00:00:34]} 7. Bh4 {[%clk 01:21:59]}
{[%emt 00:00:13]} Nbd7 {[%clk 01:20:41]} {[%emt 00:01:15]} 8. c5 {[%clk
01:13:14]} {[%emt 00:09:15]} O-O {[%clk 01:17:46]} {[%emt 00:03:24]} 9. Be2
{[%clk 01:12:31]} {[%emt 00:01:13]} Re8 {[%clk 01:12:44]} {[%emt 00:05:32]} 10.
O-O {[%clk 01:10:41]} {[%emt 00:02:21]} b6 {[%clk 01:00:01]} {[%emt 00:13:12]}
11. b4 {[%clk 01:05:44]} {[%emt 00:05:27]} Bb7 {[%clk 00:59:12]} {[%emt
00:01:20]} 12. a4 {[%clk 01:04:42]} {[%emt 00:01:32]} Nh5 {[%clk 00:37:39]}
{[%emt 00:22:03]} 13. Bxe7 {[%clk 01:02:27]} {[%emt 00:02:44]} Qxe7 {[%clk
00:37:47]} {[%emt 00:00:23]} 14. a5 {[%clk 00:58:22]} {[%emt 00:04:35]} Nhf6
{[%clk 00:31:03]} {[%emt 00:07:14]} 15. Qb3 {[%clk 00:54:22]} {[%emt 00:04:29]}
bxc5 {[%clk 00:28:42]} {[%emt 00:02:51]} 16. bxc5 {[%clk 00:53:36]} {[%emt
00:01:16]} Rab8 {[%clk 00:27:56]} {[%emt 00:01:16]} 17. Qc2 {[%clk 00:49:03]}
{[%emt 00:05:03]} Qd8 {[%clk 00:18:24]} {[%emt 00:10:01]} 18. a6 {[%clk
00:45:04]} {[%emt 00:04:30]} Bc8 {[%clk 00:18:43]} {[%emt 00:00:10]} 19. Rfb1
{[%clk 00:43:36]} {[%emt 00:02:00]} Rxb1+ {[%clk 00:18:35]} {[%emt 00:00:38]}
20. Rxb1 {[%clk 00:43:49]} {[%emt 00:00:17]} Qc7 {[%clk 00:18:49]} {[%emt
00:00:15]} 21. Na2 {[%clk 00:43:16]} {[%emt 00:01:04]} e5 {[%clk 00:12:30]}
{[%emt 00:06:48]} 22. dxe5 {[%clk 00:38:28]} {[%emt 00:05:18]} Nxe5 {[%clk
00:12:37]} {[%emt 00:00:24]} 23. Nd4 {[%clk 00:37:27]} {[%emt 00:01:30]} Ned7
{[%clk 00:08:56]} {[%emt 00:04:08]} 24. Nb4 {[%clk 00:35:32]} {[%emt 00:02:28]}
Nb8 {[%clk 00:08:13]} {[%emt 00:01:13]} 25. Bd3 {[%clk 00:33:56]} {[%emt
00:02:07]} Ng4 {[%clk 00:06:04]} {[%emt 00:02:39]} 26. g3 {[%clk 00:33:53]}
{[%emt 00:00:32]} Ne5 {[%clk 00:06:04]} {[%emt 00:00:29]} 27. Be2 {[%clk
00:30:55]} {[%emt 00:03:29]} Ng4 {[%clk 00:03:42]} {[%emt 00:02:52]} 28. Qb2
{[%clk 00:28:57]} {[%emt 00:02:28]} Bd7 {[%clk 00:02:07]} {[%emt 00:02:03]} 29.
Qc2 {[%clk 00:27:26]} {[%emt 00:02:02]} h5 {[%clk 00:02:08]} {[%emt 00:00:30]}
30. Nf5 {[%clk 00:25:22]} {[%emt 00:02:35]} Qe5 {[%clk 00:01:02]} {[%emt
00:01:33]} 31. Bxg4 {[%clk 00:24:05]} {[%emt 00:01:50]} hxg4 {[%clk 00:01:25]}
{[%emt 00:00:06]} 32. Nd6 {[%clk 00:24:10]} {[%emt 00:00:25]} Rd8 {[%clk
00:01:05]} {[%emt 00:00:50]} 33. Nd3 {[%clk 00:19:08]} {[%emt 00:05:32]} Qf6
{[%clk 00:01:17]} {[%emt 00:00:16]} 34. Qa4 {[%clk 00:18:24]} {[%emt 00:01:17]}
Bf5 {[%clk 00:00:54]} {[%emt 00:00:53]} 35. Nxf5 {[%clk 00:11:09]} {[%emt
00:07:45]} Qxf5 {[%clk 00:01:20]} {[%emt 00:00:04]} 36. Rb3 {[%clk 00:10:37]}
{[%emt 00:01:01]} Qc8 {[%clk 00:01:00]} {[%emt 00:00:50]} 37. Rb7 {[%clk
00:09:05]} {[%emt 00:02:02]} Rd7 {[%clk 00:01:10]} {[%emt 00:00:20]} 38. Qxg4
{[%clk 00:08:45]} {[%emt 00:00:50]} Rd8 {[%clk 00:00:31]} {[%emt 00:01:09]} 39.
Qxc8 {[%clk 00:08:31]} {[%emt 00:00:45]} Rxc8 {[%clk 00:00:57]} {[%emt
00:00:04]} 40. Rxa7 {[%clk 00:08:34]} {[%emt 00:00:27]} 1-0

[Event "DVM U20w 2023"]
[Site "Magdeburg GER"]
[Date "2023.12.27"]
[Round "1"]
[White "Brunner, Sophia"]
[Black "Neitzel, Emma"]
[Result "1-0"]
[Termination "normal"]
[Board "2.3"]
[WhiteElo "1777"]
[BlackElo "1118"]
[WhiteClock "00:12:06"]
[BlackClock "00:16:36"]
[WhiteTeam "SK Nordhorn-Blanke"]
[BlackTeam "Elmshorner SC 1896"]
[PlyCount "79"]
[WhiteFideId "12960683"]
[BlackFideId "16298373"]
[EventCountry "GER"]
[EventRounds "7"]
[EventType "team-swiss"]
[EventDate "2023.12.26"]

1. d4 {[%clk 01:30:46]} {[%emt 00:00:14]} d5 {[%clk 01:30:53]} {[%emt
00:00:08]} 2. Nf3 {[%clk 01:30:58]} {[%emt 00:00:17]} Nf6 {[%clk 01:30:56]}
{[%emt 00:00:27]} 3. g3 {[%clk 01:30:48]} {[%emt 00:00:41]} Bf5 {[%clk
01:30:22]} {[%emt 00:01:03]} 4. Bg2 {[%clk 01:30:41]} {[%emt 00:00:37]} g6
{[%clk 01:29:43]} {[%emt 00:01:09]} 5. O-O {[%clk 01:30:37]} {[%emt 00:00:34]}
Bg7 {[%clk 01:29:32]} {[%emt 00:00:39]} 6. c4 {[%clk 01:27:56]} {[%emt
00:03:14]} c6 {[%clk 01:27:08]} {[%emt 00:02:54]} 7. Qb3 {[%clk 01:23:31]}
{[%emt 00:04:55]} b6 {[%clk 01:17:37]} {[%emt 00:09:58]} 8. Nc3 {[%clk
01:20:59]} {[%emt 00:03:05]} e6 {[%clk 01:13:07]} {[%emt 00:04:59]} 9. Ne5
{[%clk 01:14:11]} {[%emt 00:07:19]} Ng4 {[%clk 01:09:04]} {[%emt 00:04:30]} 10.
Nxg4 {[%clk 01:05:37]} {[%emt 00:09:06]} Bxg4 {[%clk 01:09:20]} {[%emt
00:00:13]} 11. h3 {[%clk 00:58:07]} {[%emt 00:08:01]} Bf5 {[%clk 01:07:12]}
{[%emt 00:02:37]} 12. g4 {[%clk 00:55:53]} {[%emt 00:02:46]} Be4 {[%clk
01:07:04]} {[%emt 00:00:37]} 13. Nxe4 {[%clk 00:46:27]} {[%emt 00:09:56]} dxe4
{[%clk 01:06:37]} {[%emt 00:00:56]} 14. Rd1 {[%clk 00:45:45]} {[%emt 00:01:12]}
O-O {[%clk 01:04:58]} {[%emt 00:02:09]} 15. Bxe4 {[%clk 00:41:35]} {[%emt
00:04:40]} Qc7 {[%clk 01:02:01]} {[%emt 00:03:28]} 16. Qf3 {[%clk 00:36:40]}
{[%emt 00:05:25]} Rd8 {[%clk 00:54:56]} {[%emt 00:07:35]} 17. Bf4 {[%clk
00:36:14]} {[%emt 00:00:56]} Qe7 {[%clk 00:52:11]} {[%emt 00:03:13]} 18. e3
{[%clk 00:35:05]} {[%emt 00:01:41]} Na6 {[%clk 00:40:17]} {[%emt 00:12:24]} 19.
Bxc6 {[%clk 00:34:18]} {[%emt 00:01:16]} Rab8 {[%clk 00:39:31]} {[%emt
00:01:16]} 20. Bxb8 {[%clk 00:34:18]} {[%emt 00:00:31]} Nxb8 {[%clk 00:39:53]}
{[%emt 00:00:07]} 21. Be4 {[%clk 00:32:43]} {[%emt 00:02:06]} Nd7 {[%clk
00:36:46]} {[%emt 00:03:36]} 22. Qe2 {[%clk 00:31:16]} {[%emt 00:01:57]} Nf6
{[%clk 00:34:25]} {[%emt 00:02:51]} 23. Bg2 {[%clk 00:31:06]} {[%emt 00:00:40]}
Qc7 {[%clk 00:31:02]} {[%emt 00:03:53]} 24. Rac1 {[%clk 00:30:44]} {[%emt
00:00:53]} e5 {[%clk 00:30:15]} {[%emt 00:01:16]} 25. dxe5 {[%clk 00:29:09]}
{[%emt 00:02:07]} Rxd1+ {[%clk 00:30:27]} {[%emt 00:00:17]} 26. Rxd1 {[%clk
00:28:30]} {[%emt 00:01:09]} Qxe5 {[%emt 00:00:38]} 27. Rd8+ {[%clk 00:28:32]}
{[%emt 00:00:06]} Bf8 {[%clk 00:30:48]} {[%emt 00:00:21]} 28. Ra8 {[%clk
00:25:25]} {[%emt 00:03:39]} Qc7 {[%clk 00:30:02]} {[%emt 00:01:15]} 29. Qf3
{[%clk 00:22:36]} {[%emt 00:03:20]} Kg7 {[%clk 00:26:57]} {[%emt 00:03:34]} 30.
Qc6 {[%clk 00:17:49]} {[%emt 00:05:18]} Qxc6 {[%clk 00:25:09]} {[%emt
00:02:18]} 31. Bxc6 {[%clk 00:18:12]} {[%emt 00:00:07]} Bc5 {[%clk 00:23:06]}
{[%emt 00:02:33]} 32. g5 {[%clk 00:16:50]} {[%emt 00:01:51]} Ng8 {[%clk
00:22:49]} {[%emt 00:00:47]} 33. Rxa7 {[%clk 00:16:01]} {[%emt 00:01:21]} Ne7
{[%clk 00:22:53]} {[%emt 00:00:23]} 34. Bd5 {[%clk 00:15:56]} {[%emt 00:00:37]}
h6 {[%clk 00:19:44]} {[%emt 00:03:39]} 35. gxh6+ {[%clk 00:15:46]} {[%emt
00:00:39]} Kxh6 {[%clk 00:20:03]} {[%emt 00:00:11]} 36. Bxf7 {[%clk 00:14:12]}
{[%emt 00:02:03]} Nc8 {[%clk 00:19:00]} {[%emt 00:01:33]} 37. Rc7 {[%clk
00:12:28]} {[%emt 00:02:15]} Nd6 {[%clk 00:19:01]} {[%emt 00:00:29]} 38. a3
{[%clk 00:12:43]} {[%emt 00:00:15]} Ne4 {[%clk 00:18:11]} {[%emt 00:01:20]} 39.
Bd5 {[%clk 00:12:12]} {[%emt 00:01:01]} Nd2 {[%clk 00:16:36]} {[%emt 00:02:04]}
40. b4 {[%clk 00:12:06]} {[%emt 00:00:38]} 1-0

[Event "DVM U20w 2023"]
[Site "Magdeburg GER"]
[Date "2023.12.27"]
[Round "1"]
[White "Margaryan, Mane"]
[Black "Hallfarth, Luise"]
[Result "0-1"]
[Termination "normal"]
[Board "2.4"]
[WhiteElo "1217"]
[BlackElo "1453"]
[WhiteClock "00:23:18"]
[BlackClock "00:18:05"]
[WhiteTeam "Elmshorner SC 1896"]
[BlackTeam "SK Nordhorn-Blanke"]
[PlyCount "96"]
[WhiteFideId "16268237"]
[BlackFideId "16250222"]
[EventCountry "GER"]
[EventRounds "7"]
[EventType "team-swiss"]
[EventDate "2023.12.26"]

1. d4 {[%clk 01:30:30]} {[%emt 00:38:57]} d5 {[%clk 01:30:49]} {[%emt
00:00:37]} 2. c4 {[%clk 01:31:21]} {[%emt 00:00:07]} dxc4 {[%clk 01:31:04]}
{[%emt 00:00:14]} 3. e4 {[%clk 01:31:38]} {[%emt 00:00:15]} e5 {[%clk
01:31:10]} {[%emt 00:00:22]} 4. d5 {[%clk 01:31:11]} {[%emt 00:00:57]} Nf6
{[%clk 01:30:39]} {[%emt 00:01:02]} 5. Nc3 {[%clk 01:30:41]} {[%emt 00:01:00]}
b5 {[%clk 01:29:53]} {[%emt 00:01:15]} 6. a3 {[%clk 01:27:14]} {[%emt
00:03:58]} a6 {[%clk 01:26:51]} {[%emt 00:03:31]} 7. Nf3 {[%clk 01:25:49]}
{[%emt 00:01:55]} Bd6 {[%clk 01:23:49]} {[%emt 00:03:31]} 8. Bg5 {[%clk
01:24:49]} {[%emt 00:01:31]} O-O {[%clk 01:19:19]} {[%emt 00:05:00]} 9. Be2
{[%clk 01:22:55]} {[%emt 00:02:25]} Nbd7 {[%clk 01:13:54]} {[%emt 00:05:55]}
10. O-O {[%clk 01:22:40]} {[%emt 00:00:45]} Bb7 {[%clk 01:10:33]} {[%emt
00:03:49]} 11. Re1 {[%clk 01:21:21]} {[%emt 00:01:49]} Qe7 {[%clk 01:08:24]}
{[%emt 00:02:41]} 12. Qc2 {[%clk 01:20:01]} {[%emt 00:01:50]} Rad8 {[%clk
01:00:46]} {[%emt 00:08:07]} 13. Rad1 {[%clk 01:18:22]} {[%emt 00:02:08]} h6
{[%clk 00:59:29]} {[%emt 00:01:48]} 14. Bh4 {[%clk 01:14:11]} {[%emt 00:04:42]}
Nb6 {[%clk 00:46:39]} {[%emt 00:13:19]} 15. Rd2 {[%clk 01:02:34]} {[%emt
00:12:08]} c6 {[%clk 00:44:04]} {[%emt 00:03:05]} 16. dxc6 {[%clk 01:01:23]}
{[%emt 00:01:41]} Bxc6 {[%clk 00:43:50]} {[%emt 00:00:43]} 17. Red1 {[%clk
01:01:21]} {[%emt 00:00:33]} Bc7 {[%clk 00:38:18]} {[%emt 00:06:00]} 18. h3
{[%clk 00:59:22]} {[%emt 00:02:31]} a5 {[%clk 00:34:12]} {[%emt 00:04:36]} 19.
b4 {[%clk 00:55:43]} {[%emt 00:04:09]} cxb3 {[%clk 00:30:01]} {[%emt 00:04:40]}
20. Qxb3 {[%clk 00:53:34]} {[%emt 00:02:40]} b4 {[%clk 00:22:56]} {[%emt
00:07:35]} 21. axb4 {[%clk 00:52:36]} {[%emt 00:01:27]} Rxd2 {[%clk 00:20:52]}
{[%emt 00:02:35]} 22. Rxd2 {[%clk 00:51:41]} {[%emt 00:01:24]} Qxb4 {[%clk
00:19:54]} {[%emt 00:01:29]} 23. Qxb4 {[%clk 00:45:54]} {[%emt 00:06:17]} axb4
{[%clk 00:20:09]} {[%emt 00:00:15]} 24. Na2 {[%clk 00:44:01]} {[%emt 00:02:23]}
Nxe4 {[%clk 00:14:50]} {[%emt 00:05:49]} 25. Rd1 {[%clk 00:41:15]} {[%emt
00:03:16]} Nc3 {[%clk 00:12:05]} {[%emt 00:03:12]} 26. Rd2 {[%clk 00:40:08]}
{[%emt 00:01:39]} Ra8 {[%clk 00:11:14]} {[%emt 00:01:21]} 27. Nxb4 {[%clk
00:34:14]} {[%emt 00:06:23]} Ra1+ {[%clk 00:08:06]} {[%emt 00:03:39]} 28. Bf1
{[%clk 00:29:16]} {[%emt 00:05:29]} Bb5 {[%clk 00:06:46]} {[%emt 00:01:50]} 29.
Bg3 {[%clk 00:21:36]} {[%emt 00:08:08]} Ne2+ {[%clk 00:05:36]} {[%emt
00:01:41]} 30. Kh2 {[%clk 00:19:54]} {[%emt 00:02:11]} Rxf1 {[%clk 00:05:12]}
{[%emt 00:00:55]} 31. Bxe5 {[%clk 00:15:30]} {[%emt 00:04:54]} Bxe5+ {[%clk
00:04:39]} {[%emt 00:01:04]} 32. Nxe5 {[%clk 00:15:40]} {[%emt 00:00:20]} f6
{[%clk 00:03:20]} {[%emt 00:01:48]} 33. Nf3 {[%clk 00:12:02]} {[%emt 00:04:08]}
Nf4 {[%clk 00:02:23]} {[%emt 00:01:28]} 34. Rd8+ {[%clk 00:11:07]} {[%emt
00:01:24]} Kf7 {[%clk 00:02:33]} {[%emt 00:00:20]} 35. Rb8 {[%clk 00:11:19]}
{[%emt 00:00:19]} Rb1 {[%clk 00:02:21]} {[%emt 00:00:42]} 36. Rb7+ {[%clk
00:05:52]} {[%emt 00:05:56]} Kg8 {[%clk 00:02:11]} {[%emt 00:00:40]} 37. Rxb6
{[%clk 00:05:38]} {[%emt 00:00:44]} Rxb4 {[%clk 00:02:08]} {[%emt 00:00:33]}
38. Rb8+ {[%clk 00:02:23]} {[%emt 00:03:45]} Kh7 {[%clk 00:02:07]} {[%emt
00:00:32]} 39. Nh4 {[%clk 00:02:09]} {[%emt 00:00:43]} Nd5 {[%clk 00:01:39]}
{[%emt 00:00:59]} 40. Kg3 {[%clk 00:01:13]} {[%emt 00:01:27]} Be2 {[%clk
00:00:51]} {[%emt 00:01:16]} 41. Rd8 {[%clk 00:29:09]} {[%emt 00:02:34]} Rb3+
{[%clk 00:29:13]} {[%emt 00:02:09]} 42. f3 {[%clk 00:27:54]} {[%emt 00:01:45]}
Rb5 {[%clk 00:24:01]} {[%emt 00:05:38]} 43. Rd7 {[%clk 00:26:52]} {[%emt
00:01:35]} Bd3 {[%clk 00:20:15]} {[%emt 00:04:15]} 44. Rd8 {[%clk 00:24:56]}
{[%emt 00:02:28]} g5 {[%clk 00:18:24]} {[%emt 00:02:20]} 45. Rd7+ {[%clk
00:24:14]} {[%emt 00:01:12]} Kg8 {[%clk 00:18:23]} {[%emt 00:00:31]} 46. Rd8+
{[%clk 00:24:06]} {[%emt 00:00:39]} Kf7 {[%clk 00:18:41]} {[%emt 00:00:10]} 47.
Rd7+ {[%clk 00:23:40]} {[%emt 00:00:58]} Ke8 {[%clk 00:18:43]} {[%emt
00:00:26]} 48. Rd6 {[%clk 00:23:18]} {[%emt 00:00:54]} gxh4+ {[%clk 00:18:05]}
{[%emt 00:01:08]} 0-1

[Event "DVM U20w 2023"]
[Site "Magdeburg GER"]
[Date "2023.12.27"]
[Round "1"]
[White "Schubert, Arlene"]
[Black "Sickmann, Lisa"]
[Result "0-1"]
[Termination "normal"]
[Board "3.1"]
[WhiteElo "1545"]
[BlackElo "1883"]
[WhiteClock "01:40:56"]
[BlackClock "01:40:10"]
[WhiteTeam "SC 1865 Annaberg-Buchholz"]
[BlackTeam "Lübecker SV 1873"]
[PlyCount "68"]
[WhiteFideId "16220951"]
[BlackFideId "16267818"]
[EventCountry "GER"]
[EventRounds "7"]
[EventType "team-swiss"]
[EventDate "2023.12.26"]

1. e4 {[%clk 01:40:56]} e5 {[%clk 01:40:10]} 2. Nf3 {[%clk 01:40:56]} Nc6
{[%clk 01:40:10]} 3. Bc4 {[%clk 01:40:56]} Bc5 {[%clk 01:40:10]} 4. c3 {[%clk
01:40:56]} Nf6 {[%clk 01:40:10]} 5. d4 {[%clk 01:40:56]} exd4 {[%clk 01:40:10]}
6. cxd4 {[%clk 01:40:56]} Bb4+ {[%clk 01:40:10]} 7. Bd2 {[%clk 01:40:56]} Nxe4
{[%clk 01:40:10]} 8. Bxb4 {[%clk 01:40:56]} Nxb4 {[%clk 01:40:10]} 9. Bxf7+
{[%clk 01:40:56]} Kxf7 {[%clk 01:40:10]} 10. Qb3+ {[%clk 01:40:56]} d5 {[%clk
01:40:10]} 11. Qxb4 {[%clk 01:40:56]} Rf8 {[%clk 01:40:10]} 12. O-O {[%clk
01:40:56]} Kg8 {[%clk 01:40:10]} 13. Nc3 {[%clk 01:40:56]} c5 {[%clk 01:40:10]}
14. dxc5 {[%clk 01:40:56]} Rxf3 {[%clk 01:40:10]} 15. Nxe4 {[%clk 01:40:56]}
Rf4 {[%clk 01:40:10]} 16. Rad1 {[%clk 01:40:56]} Qe7 {[%clk 01:40:10]} 17. Qd2
{[%clk 01:40:56]} Rxe4 {[%clk 01:40:10]} 18. Qxd5+ {[%clk 01:40:56]} Kf8 {[%clk
01:40:10]} 19. Rd3 {[%clk 01:40:56]} g6 {[%clk 01:40:10]} 20. a3 {[%clk
01:40:56]} Bf5 {[%clk 01:40:10]} 21. c6 {[%clk 01:40:56]} bxc6 {[%clk
01:40:10]} 22. Qxc6 {[%clk 01:40:56]} Rc8 {[%clk 01:40:10]} 23. Qd5 {[%clk
01:40:56]} Re5 {[%clk 01:40:10]} 24. Qf3 {[%clk 01:40:56]} Kg7 {[%clk
01:40:10]} 25. Rc3 {[%clk 01:40:56]} Re8 {[%clk 01:40:10]} 26. Rcc1 {[%clk
01:40:56]} Be4 {[%clk 01:40:10]} 27. Qg3 {[%clk 01:40:56]} Kg8 {[%clk
01:40:10]} 28. f3 {[%clk 01:40:56]} Bd3 {[%clk 01:40:10]} 29. Rfd1 {[%clk
01:40:56]} Rc5 {[%clk 01:40:10]} 30. Rxc5 {[%clk 01:40:56]} Qxc5+ {[%clk
01:40:10]} 31. Qf2 {[%clk 01:40:56]} Re3 {[%clk 01:40:10]} 32. h3 {[%clk
01:40:56]} Qe5 {[%clk 01:40:10]} 33. Rc1 {[%clk 01:40:56]} Kg7 {[%clk
01:40:10]} 34. Qd2 {[%clk 01:40:56]} Bb5 {[%clk 01:40:10]} 0-1

[Event "DVM U20w 2023"]
[Site "Magdeburg GER"]
[Date "2023.12.27"]
[Round "1"]
[White "Schubert, Matthea"]
[Black "Malinowsky, Celina"]
[Result "0-1"]
[Termination "normal"]
[Board "3.3"]
[WhiteElo "1510"]
[BlackElo "1530"]
[WhiteClock "00:01:06"]
[BlackClock "00:10:41"]
[WhiteTeam "SC 1865 Annaberg-Buchholz"]
[BlackTeam "Lübecker SV 1873"]
[PlyCount "56"]
[WhiteFideId "16235371"]
[BlackFideId "16266986"]
[EventCountry "GER"]
[EventRounds "7"]
[EventType "team-swiss"]
[EventDate "2023.12.26"]

1. e4 {[%clk 01:30:56]} {[%emt 00:00:03]} c5 {[%clk 01:30:46]} {[%emt
00:00:15]} 2. Nf3 {[%clk 01:31:20]} {[%emt 00:00:05]} e6 {[%clk 01:30:49]}
{[%emt 00:00:28]} 3. d4 {[%clk 01:30:37]} {[%emt 00:01:14]} cxd4 {[%clk
01:31:00]} {[%emt 00:00:18]} 4. Nxd4 {[%clk 01:30:55]} {[%emt 00:00:12]} a6
{[%clk 01:30:49]} {[%emt 00:00:41]} 5. a3 {[%clk 01:29:53]} {[%emt 00:01:32]}
Qc7 {[%clk 01:29:37]} {[%emt 00:01:41]} 6. Be3 {[%clk 01:26:31]} {[%emt
00:03:53]} b5 {[%clk 01:28:10]} {[%emt 00:01:57]} 7. Bd3 {[%clk 01:20:48]}
{[%emt 00:06:13]} Bb7 {[%clk 01:28:06]} {[%emt 00:00:35]} 8. Nd2 {[%clk
01:17:51]} {[%emt 00:03:26]} Nf6 {[%clk 01:25:32]} {[%emt 00:03:03]} 9. O-O
{[%clk 01:17:40]} {[%emt 00:00:41]} Be7 {[%clk 01:24:38]} {[%emt 00:01:24]} 10.
f4 {[%clk 00:57:30]} {[%emt 00:20:40]} d6 {[%clk 01:18:19]} {[%emt 00:06:50]}
11. f5 {[%clk 00:53:03]} {[%emt 00:04:57]} e5 {[%clk 01:15:37]} {[%emt
00:03:12]} 12. Ne2 {[%clk 00:48:57]} {[%emt 00:04:36]} Nbd7 {[%clk 01:10:49]}
{[%emt 00:05:17]} 13. Ng3 {[%clk 00:47:24]} {[%emt 00:02:03]} h5 {[%clk
01:04:05]} {[%emt 00:07:15]} 14. h3 {[%clk 00:40:19]} {[%emt 00:07:35]} Rc8
{[%clk 00:55:25]} {[%emt 00:09:09]} 15. Rc1 {[%clk 00:33:39]} {[%emt 00:07:10]}
Nc5 {[%clk 00:54:08]} {[%emt 00:01:48]} 16. b4 {[%clk 00:29:12]} {[%emt
00:04:57]} h4 {[%clk 00:47:07]} {[%emt 00:07:31]} 17. bxc5 {[%clk 00:19:56]}
{[%emt 00:09:47]} hxg3 {[%clk 00:47:21]} {[%emt 00:00:15]} 18. cxd6 {[%clk
00:20:07]} {[%emt 00:00:18]} Bxd6 {[%clk 00:47:35]} {[%emt 00:00:16]} 19. Ra1
{[%clk 00:15:14]} {[%emt 00:05:24]} Bc5 {[%clk 00:45:39]} {[%emt 00:02:26]} 20.
Re1 {[%clk 00:08:52]} {[%emt 00:06:52]} Rd8 {[%clk 00:42:38]} {[%emt 00:03:32]}
21. Kf1 {[%clk 00:07:35]} {[%emt 00:01:45]} Nxe4 {[%clk 00:19:58]} {[%emt
00:23:11]} 22. Nf3 {[%clk 00:03:06]} {[%emt 00:04:59]} f6 {[%clk 00:18:23]}
{[%emt 00:02:05]} 23. Qc1 {[%clk 00:02:12]} {[%emt 00:01:24]} Nd6 {[%clk
00:16:21]} {[%emt 00:02:32]} 24. Nd2 {[%clk 00:00:46]} {[%emt 00:01:56]} Qc6
{[%clk 00:14:14]} {[%emt 00:02:37]} 25. Re2 {[%clk 00:01:06]} {[%emt 00:00:11]}
Bxe3 {[%clk 00:14:13]} {[%emt 00:00:29]} 26. Qd1 {[%clk 00:00:53]} {[%emt
00:00:44]} Rxh3 {[%clk 00:11:11]} {[%emt 00:03:33]} 27. Rxe3 {[%clk 00:00:42]}
{[%emt 00:00:41]} Qxg2+ {[%clk 00:10:35]} {[%emt 00:01:05]} 28. Ke1 {[%clk
00:01:06]} {[%emt 00:00:07]} Qf2# {[%clk 00:10:41]} {[%emt 00:00:23]} 0-1